Les bourreaux des clubs français en Ligue des Champions - Statistiques

Statistiques générales
  • Ce quiz a été pris 105 fois
    17 depuis la dernière actualisation
  • Le résultat moyen est 29 sur 34
Statistiques - réponses
Années Clubs Français Phase de la compétition Clubs vainqueurs % Correct
2019-2020 PSG Finale Bayern Munich
100%
2022-2023 PSG Huitième de finale Bayern Munich
100%
2009-2010 Olympique Lyonnais Demi finale Bayern Munich
100%
2019-2020 Olympique Lyonnais Demi finale Bayern Munich
100%
2011-2012 Olympique de Marseille Quart de finale Bayern Munich
100%
2023-2024 PSG Demi finale Borussia Dortmund
94%
2024-2025 Lille OSC Huitième de finale Borussia Dortmund
94%
2012-2013 PSG Quart de finale FC Barcelone
94%
2014-2015 PSG Quart de finale FC Barcelone
94%
2016-2017 PSG Huitième de finale FC Barcelone
94%
2008-2009 Olympique Lyonnais Huitième de finale FC Barcelone
94%
2018-2019 Olympique Lyonnais Huitième de finale FC Barcelone
94%
2013-2014 PSG Quart de finale FC Chelsea
94%
2021-2022 Lille OSC Huitième de finale FC Chelsea
94%
2015-2016 PSG Quart de finale Manchester City
94%
2020-2021 PSG Demi finale Manchester City
94%
2018-2019 PSG Huitième de finale Manchester United
94%
2007-2008 Olympique Lyonnais Huitième de finale Manchester United
94%
2006-2007 Lille OSC Huitième de finale Manchester United
94%
2010-2011 Olympique de Marseille Huitième de finale Manchester United
94%
2017-2018 PSG Huitième de finale Réal Madrid
94%
2021-2022 PSG Huitième de finale Réal Madrid
94%
2010-2011 Olympique Lyonnais Huitième de finale Réal Madrid
94%
2003-2004 AS Monaco Finale FC Porto
88%
2009-2010 Girondins de Bordeaux Quart de finale Olympique Lyonnais
88%
2024-2025 Stade Brestois Barrages Paris Saint-Germain
81%
2024-2025 AS Monaco Barrages SL Benfica
81%
2005-2006 Olympique Lyonnais Quart de finale AC Milan
75%
2014-2015 AS Monaco Quart de finale Juventus Turin
56%
2016-2017 AS Monaco Demi Finale Juventus Turin
56%
2004-2005 AS Monaco Huitième de finale PSV Eindhoven
44%
2004-2005 Olympique Lyonnais Quart de finale PSV Eindhoven
44%
2011-2012 Olympique Lyonnais Huitième de finale APOEL Nicosie
31%
2006-2007 Olympique Lyonnais Huitième de finale AS Rome
31%
Aucun quiz correspondant
Distribution des résultats
% des personnes avec chaque résultat
Percentile par nombre de réponses
Votre historique - résultats
Vous n’avez pas pris ce quiz depuis la dernière actualisation